Normal view
MARC view
Entry Personal Name
001 - CONTROL NUMBER
- control field: 788
003 - CONTROL NUMBER IDENTIFIER
- control field: csc
005 - DATE AND TIME OF LATEST TRANSACTION
- control field: 20140507162053.0
008 - FIXED-LENGTH DATA ELEMENTS
- fixed length control field: 130215|| aca||aabn | a|a d
040 ## - CATALOGING SOURCE
- Original cataloging agency: csc
- Transcribing agency: csc
100 ## - HEADING--PERSONAL NAME
- Personal name: Jenkins, Harold.
670 ## - SOURCE DATA FOUND
- Source citation: Work cat.: (csc)168: Shakespeare, William, 1564-1616. 1133, The Arden edition of the works of William Shakespeare. Second series /, 1951-1982.